Visualizzazione normale
Vista MARC
- Restagno Enzo
di Personal Name
Records bibliografici associati: 13
001 - CONTROL NUMBER
- control field: 14371
003 - CONTROL NUMBER IDENTIFIER
- control field: IT-RoPau
005 - DATE AND TIME OF LATEST TRANSACTION
- control field: 20140221093508.0
008 - FIXED-LENGTH DATA ELEMENTS
- fixed length control field: 140221|| aca||aabn | a|a d
040 ## - CATALOGING SOURCE
- Original cataloging agency: IT-RoPau
- Transcribing agency: IT-RoPau
100 ## - HEADING--PERSONAL NAME
- Personal name: Restagno Enzo
670 ## - SOURCE DATA FOUND
- Source citation: Work cat.: (IT-RoPau)101990: Restagno Enzo, Piccola storia della musica (serie tv)